000 00823cam a2200217 a 4500
001 000001658
005 20200929145643.0
008 700302s1969 nyu b 001 0 eng
040 _aDO-SdBNP
_bspa
_cBNPHU
082 _a331.880973
_bR131a
100 1 _aRadosh, Ronald.
_95402
245 1 0 _aAmerican labor and United States foreign policy /
_cRonald Radosh.
260 _aNew York :
_bRandom House,
_c1969.
300 _ax, 463 p. ;
_c22 cm.
500 _aIncluye referencias biográficas del autor en la contrasolapa
504 _aIncluye referencias bibliográficas.
590 _aPerteneció a la biblioteca personal de Juan Isidro Jimenes-Grullón
650 4 _aRelaciones industriales
_zEstados Unidos
_95403
650 4 _aTrabajo y trabajadores
_zEstados Unidos
_95404
650 4 _aSindicalismo
_zEstados Unidos
_95405
999 _c1543
_d1543